000 nam a22 a 4500
999 _c3167
_d3167
003 AKMAL
005 20170519160057.0
008 170519s1984 -us 00 eng d
020 _a0256031215 (pbk.)
040 _aAKMAL
_cAKMAL
082 0 4 _a658.4 THO
090 2 0 _a658.4
_bTHO
100 1 _aThompson, Arthur A.,
_d1940-
_96159
245 1 0 _aReadings in strategic managament /
_cArthur A. Thompson, A.J. Strickland, William E. Fulmer
260 _aPlano, Texas :
_bBusiness Publications,
_c1984
300 0 0 _axi, 398p. ;
_c26cm
650 0 _aManagement
_91462
700 1 _aStrickland, A. J.
_q(Alonzo J.)
_96160
700 1 _aFulmer, William E.
_96533
942 _2ddc
_cBOOK